Open Data Biblioteca Nacional de Portugal


República Portuguesa: Ministério da Cultura
Biblioteca Nacional de Portugal

Catálogo da BNP: acesso por Identificadores Unívocos
Registos Bibliográficos associados ao registo de autoridade

Etiqueta de registo: 00254nam 2200025 450
001 2268102
003 http://id.bnportugal.gov.pt/bib/catbnp/2268102
010 ## $a9789893594704
021 ## $aPT$b539518/24
100 ## $a20260218d2024 m y0pory01030103ba
101 0# $apor
102 ## $aPT
105 ## $ay z 000gy
106 ## $ar
200 1# $aPartitura escrita$fAna Raquel Machado$gpref. Maria Helena Padrão
205 ## $a1ª ed
210 #9 $aViseu$cSeda,$d2024
215 ## $a54, [6] p.$d23 cm
225 2# $aPoesia
675 ## $a821.134.3-1"20"$vBN$zpor$31023893
700 #1 $aMachado,$bAna Raquel,$f1990-$31986287
702 #1 $aPadrão,$bMaria Helena,$f1950-$4080$3101839
801 #0 $aPT$bBN$gRPC
856 41 $uhttp://rnod.bnportugal.gov.pt/ImagesBN/winlibimg.aspx?skey=&doc=2268102&img=219330&save=true
900 ## $aBIBNAC$d20260303
966 ## $lBN$mFGMON$sL. 180756 V.$x1
971 ## $corlando$d20260218
972 ## $e0$z0$d20260303$vasantos
973 ## $csteixeira$d20260219

OpendataBNP@bnportugal.pt | Mais informação sobre acesso aos dados BNP